000 00499nam a2200169 4500
001 138743
003 ES-MaACL
005 20230906195627.0
007 t|
008 070214s1973 sp r ||||1| spa d
100 1 _aSanz Lodre, León.
_9103657
245 1 0 _aTaquigrafía martiniana
_b: ( 1º y 2º cursos) /
_cLeón Sanz Lodre.
250 _a29ª. ed.
260 _aZaragoza :
_b[s.n.],
_c1973 (
_fImp. Heraldo de Aragón)
300 _a240 p. ;
_c21 cm.
852 _aES-MaACL
_jC-54886
_bR.87629
999 _c138743
_d138743